000 01523cam a22004094a 4500
001 5414102
003 ARRUPE
005 20150826143919.0
008 041012s2005 enk b 000 f eng
010 _a 2004024150
015 _aGBA504022
_2bnb
020 _a0192804308 (alk. paper)
035 _a(OCoLC)ocm56753086
035 _a(NNC)5414102
040 _aDLC
_cDLC
_dUKM
_dVP@
_dBAKER
041 1 _aeng
_hfre
042 _apcc
043 _ae-fr---
050 0 0 _aPQ1979.A76
_bE5 2005
082 0 0 _a843/.5
_222
100 1 _aDiderot, Denis,
_d1713-1784.
_917023
240 1 0 _aReligieuse.
_lEnglish
245 1 4 _aThe nun /
_cDenis Diderot ; translated with an introduction and notes by Russell Goulbourne.
260 _aOxford ;
_aNew York :
_bOxford University Press,
_c2005.
300 _axliii, 189 p. ;
_c20 cm.
490 1 _aOxford world's classics
504 _aIncludes bibliographical references (p. [xxxvi]-xxxvii).
520 _a"This novel takes the life of a young girl forced by her parents to enter a convent as its subject matter and provides an insight into the effects of forced vocations"--Provided by publisher.
650 0 _aNuns
_vFiction.
_918902
650 0 _aConvents
_zFrance
_zParis
_vFiction.
_918903
651 0 _aFrance
_xSocial life and customs
_y18th century
_vFiction.
_918904
700 1 _aGoulbourne, Russell.
_918905
830 0 _aOxford world's classics (Oxford University Press)
_99934
942 _2lcc
_cMONOGRAPH
948 1 _a20050831
_bc
_crf4
_dMPS
999 _c123135
_d123135